Library of the University of Algiers 3
Ibrahim Sultan Cheibout
شعار جامعة الجزائر 3
مكتبة جامعة الجزائر 3
إبراهيم سلطان شيبوط

الاحصاء الاستدلالي وتطبيقاته في الحاسوب باستخدام الرزم الاحصائية(SPSS) / (رقم التسجيلة. 42621)

تفاصيل مارك
000 -LEADER
fixed length control field 01697nam a2200241Ia 4500
003 - CONTROL NUMBER IDENTIFIER
control field Ost
005 - DATE AND TIME OF LATEST TRANSACTION
control field 20260507075049.0
008 - FIXED-LENGTH DATA ELEMENTS--GENERAL INFORMATION
fixed length control field 260507s9999||||xx |||||||||||||| ||und||
020 ## - INTERNATIONAL STANDARD BOOK NUMBER
International Standard Book Number 9957111337
040 ## - CATALOGING SOURCE
Transcribing agency fsecg
041 ## - LANGUAGE CODE
Language code of text/sound track or separate title ara
082 ## - DEWEY DECIMAL CLASSIFICATION NUMBER
Classification number 0
100 ## - MAIN ENTRY--PERSONAL NAME
Personal name المنيزل، عبد الله فلاح
Relator term مؤلف
245 #0 - TITLE STATEMENT
Title الاحصاء الاستدلالي وتطبيقاته في الحاسوب باستخدام الرزم الاحصائية(SPSS) /
Statement of responsibility, etc. عبد الله فلاح المنيزل
260 ## - PUBLICATION, DISTRIBUTION, ETC.
Place of publication, distribution, etc. عمان:
Name of publisher, distributor, etc. دار وائل للنشر,
Date of publication, distribution, etc. 2000
300 ## - PHYSICAL DESCRIPTION
Extent 631 صفحة؛
Other physical details إيضاحات ؛
Dimensions 25 سم
504 ## - BIBLIOGRAPHY, ETC. NOTE
Bibliography, etc. note ببليوغرافيا: ص. 595 الملاحق ص. 599
520 ## - SUMMARY, ETC.
Summary, etc. مدخل إلى اختبار الفرضيات-التوزيع العيني للمتوسطات واختبار الفرضيات المتعلقة بعينة واحدة-اختبار الفرضيات التي تحتوي على عينتين أو مجموعتين-الاحصاءات غير المعلمية لفحص الفرضيات المتعلقة بعينتين-تحليل التباين-المقارنات المتعددة-الاختبارات غير المعلمية واختبارات تحليل التباين الاحادي للقياسات المتكررة-تحليل التباين الثنائي-تحليل التغاير أو التباين المشترك-استخدام الحاسوب في تحليل البيانات ومعالجتها احصائيا
653 ## - INDEX TERM--UNCONTROLLED
Uncontrolled term الإحصاء - المعاملات الإرتباطية
653 ## - INDEX TERM--UNCONTROLLED
Uncontrolled term الحاسبات الإلكترونية- الطرق الإحصائية
653 ## - INDEX TERM--UNCONTROLLED
Uncontrolled term الطرق الإحصائية
942 ## - ADDED ENTRY ELEMENTS (KOHA)
Koha item type كتب
المقتنيات
Withdrawn status Lost status Source of classification or shelving scheme Damaged status Not for loan Home library Current library Date acquired Serial enumeration / chronology Inventory number Total checkouts Full call number Barcode Date last seen Price effective from Koha item type
    Dewey Decimal Classification   NOT LOAN / إعارة داخلية مكتبة كلية العلوم الإقتصادية والعلوم التجارية وعلوم التسيير مكتبة كلية العلوم الإقتصادية والعلوم التجارية وعلوم التسيير 07/05/2026 الطابق الأرضي 482/1   أ/482ن1 482/1 07/05/2026 07/05/2026 كتب
    Dewey Decimal Classification   Available مكتبة كلية العلوم الإقتصادية والعلوم التجارية وعلوم التسيير مكتبة كلية العلوم الإقتصادية والعلوم التجارية وعلوم التسيير 07/05/2026 الطابق الثاني 482/6   أ/482ن1 482/6 07/05/2026 07/05/2026 كتب
    Dewey Decimal Classification   Available مكتبة كلية العلوم الإقتصادية والعلوم التجارية وعلوم التسيير مكتبة كلية العلوم الإقتصادية والعلوم التجارية وعلوم التسيير 07/05/2026 الطابق الأرضي 482/2   أ/482ن2 482/2 07/05/2026 07/05/2026 كتب
    Dewey Decimal Classification   Available مكتبة كلية العلوم الإقتصادية والعلوم التجارية وعلوم التسيير مكتبة كلية العلوم الإقتصادية والعلوم التجارية وعلوم التسيير 07/05/2026 الطابق الأرضي 482/3   أ/482ن3 482/3 07/05/2026 07/05/2026 كتب
    Dewey Decimal Classification   Available مكتبة كلية العلوم الإقتصادية والعلوم التجارية وعلوم التسيير مكتبة كلية العلوم الإقتصادية والعلوم التجارية وعلوم التسيير 07/05/2026 الطابق الأرضي 482/4   أ/482ن4 482/4 07/05/2026 07/05/2026 كتب
    Dewey Decimal Classification   Available مكتبة كلية العلوم الإقتصادية والعلوم التجارية وعلوم التسيير مكتبة كلية العلوم الإقتصادية والعلوم التجارية وعلوم التسيير 07/05/2026 الطابق الثاني 482/5   أ/482ن5 482/5 07/05/2026 07/05/2026 كتب

موارد الويب المفتوحة


© University of Algiers 3 All Rights Reserved
|
Implemented by LECHELAH Riad